Statistiques concernant Les Etats les plus corrompus du monde

Cliquez ici pour prendre le quiz!

Statistiques générales

  • Ce quiz a été pris 122 fois
  • Le résultat moyen est 7 sur 15

Statistiques - réponses

Indice de perception de la corruptionRéponse% Correct
20République Démocratique du Congo
73%
12Somalie
64%
17Corée du Nord
61%
17Libye
59%
13Syrie
54%
14Venezuela
53%
13Soudan du Sud
49%
19Tchad
47%
16Yemen
38%
17Haïti
36%
19Nicaragua
35%
17Burundi
33%
19Turkménistan
27%
19Comores
26%
17Guinée équatoriale
24%

Distribution des résultats

Percentile par nombre de réponses

% des personnes avec chaque résultat

Votre développement - résultats

Vous n’avez pas pris ce quiz